000 00317nam a22001217a 4500
008 160420b xxu||||| |||| 00| 0 eng d
020 _a9780323028653
020 _a0323028659
041 _aeng
080 _a618.2
245 _aMaternal Child Nursing Care:
_cWong Hockenberry Wilson Perry Lowdermilk;
942 _2udc
_cBK
999 _c1468
_d1468